Like a watered garden / (Record no. 6627)
[ view plain ]
| 000 -LEADER | |
|---|---|
| fixed length control field | 00769pam a2200265 i 4500 |
| 001 - CONTROL NUMBER | |
| control field | 8 |
| 003 - CONTROL NUMBER IDENTIFIER | |
| control field | GBCCL |
| 005 - DATE AND TIME OF LATEST TRANSACTION | |
| control field | 20241126110607.0 |
| 008 - FIXED-LENGTH DATA ELEMENTS--GENERAL INFORMATION | |
| fixed length control field | 770401s1977 paua 00010aeng |
| 010 ## - | |
| -- | 77005858 |
| 020 ## - INTERNATIONAL STANDARD BOOK NUMBER | |
| International Standard Book Number | 0836118189 : |
| Terms of availability | $5.95 |
| 035 ## - SYSTEM CONTROL NUMBER | |
| System control number | OCM02912299 811107 |
| 040 ## - CATALOGING SOURCE | |
| Original cataloging agency | DLC |
| Transcribing agency | DLC |
| Modifying agency | LBB |
| 049 ## - | |
| -- | LBBK |
| 050 0# - | |
| -- | BR1725.R37 |
| -- | A34 |
| 082 ## - DEWEY DECIMAL CLASSIFICATION NUMBER | |
| Classification number | 248.2092 |
| Item number | REA |
| 092 ## - LOCALLY ASSIGNED DEWEY CALL NUMBER (OCLC) | |
| Classification number | 248.20924 R284 |
| 100 1# - MAIN ENTRY--PERSONAL NAME | |
| Personal name | Read, Maureen Hay |
| Dates associated with a name | 1937- |
| 9 (RLIN) | 11850 |
| 245 10 - TITLE STATEMENT | |
| Title | Like a watered garden / |
| Statement of responsibility, etc. | Maureen Hay Read ; introduction by Sherwood E. Wirt. |
| 260 ## - PUBLICATION, DISTRIBUTION, ETC. | |
| Place of publication, distribution, etc. | Scottdale, Pa. : |
| Name of publisher, distributor, etc. | Herald Press, |
| Date of publication, distribution, etc. | 1977. |
| 300 ## - PHYSICAL DESCRIPTION | |
| Extent | 156 p.; |
| Other physical details | ill., port., |
| Dimensions | 20 cm. |
| 650 #0 - SUBJECT ADDED ENTRY--TOPICAL TERM | |
| Topical term or geographic name entry element | Read, Maureen Hay |
| Chronological subdivision | 1937 - |
| 9 (RLIN) | 11851 |
| 650 #0 - SUBJECT ADDED ENTRY--TOPICAL TERM | |
| Topical term or geographic name entry element | Christian biography |
| 9 (RLIN) | 1119 |
| 942 ## - ADDED ENTRY ELEMENTS (KOHA) | |
| Source of classification or shelving scheme | Dewey Decimal Classification |
| Koha item type | Books |
| Withdrawn status | Lost status | Source of classification or shelving scheme | Damaged status | Not for loan | Home library | Current Library | Shelving location | Date acquired | Total checkouts | Full call number | Barcode | Date last seen | Copy number | Price effective from | Koha item type |
|---|---|---|---|---|---|---|---|---|---|---|---|---|---|---|---|
| Dewey Decimal Classification | GRACE BIBLE COLLEGE | GRACE BIBLE COLLEGE | Ministry & Mission | 2018-05-21 | 248.2092 REA | 002491 | 2025-05-01 | c.1 | 2018-05-21 | Books |